Chaîne de mots - Minecraft - Statistiques

Statistiques générales
  • Ce quiz a été pris 1 698 fois
  • Le résultat moyen est 22 sur 32
Statistiques - réponses
Indice Réponse % Correct
Pour s'éclairer Torche
98%
Le minerai le plus précieux de l'Overworld Diamant
94%
Il lâche parfois une perle de l'Ender à sa mort Enderman
92%
Un briquet et puis... BOOM! TNT
90%
Le chemin pour les wagonnets Rail
88%
Marais, jungle ou désert Biome
87%
Mode de jeu classique Survie
87%
Électricité rouge Redstone
84%
On lui donne des os pour l'apprivoiser Loup
82%
Dit d'immortalité, il donne une seconde vie Totem
82%
Solidité, fortune ou infinité Enchantement
81%
Un marchand ambulant en a deux Lama
79%
Tout ce qui bouge, autre qu'un joueur Mob
78%
On y observe un paysage de lave et de piglins Nether
78%
Peut être tondu avec des cisailles Mouton
76%
Entreprise à l'origine de Minecraft Mojang
73%
Un zombie revenu de sa baignade Noyé
70%
Un poulet est passé par là Œuf
70%
Mammifère du grand froid Ours blanc
68%
Structure qui apparaît parfois dans les endroits enneigés Igloo
67%
Pour faire des potions Alambic
66%
De fer ou de neige Golem
64%
Elles carburent aux fusées Élytres
57%
Pousse en cabosse sur l'acajou Cacao
56%
Il témoigne de vos trois jours d'insomnie Phantom
53%
On a besoin de : Établi
52%
Animal de la taïga qui aime les baies sucrées Renard
52%
Un cube en feu qui saute Cube de magma
46%
Bloc fait à partir de bambou Échafaudage
40%
Pour cuire ses aliments plus vite Fumoir
33%
Il fait apparaître les vex Évocateur
29%
Il chasse les poissons Axolotl
20%
Aucun quiz correspondant
Distribution des résultats
% des personnes avec chaque résultat
Percentile par nombre de réponses
Votre historique - résultats
Vous n’avez pas pris ce quiz